[Event "24th Abu Dhabi Masters"]
[Site "Abu Dhabi UAE"]
[Date "2017.08.17"]
[Round "4.55"]
[White "Alinasab, Mobina"]
[Black "Saim, Mohamed Ilias"]
[Result "1-0"]
[WhiteTitle "WFM"]
[BlackTitle "FM"]
[WhiteElo "2208"]
[BlackElo "2102"]
[WhiteFideId "12528897"]
[BlackFideId "7900465"]
[EventDate "2017.08.14"]

1. e4 e5 2. Nf3 Nc6 3. Bb5 Nge7 4. c3 g6 5. d4 exd4 6. cxd4 a6 7. Ba4 b5 8. Bc2
Bg7 9. O-O d6 10. h3 O-O 11. Nc3 h6 12. Be3 Na5 13. Qc1 Kh7 14. d5 c5 15. dxc6
Nexc6 16. Rd1 Nc4 17. Bb3 Nxe3 18. Qxe3 Na5 19. e5 Nxb3 20. axb3 Re8 21. Qf4 b4
22. Rxd6 Qe7 23. Nd5 Qf8 24. Nc7 Rxe5 25. Nxe5 Qxd6 26. Nxa8 Qxe5 27. Qxe5 Bxe5
28. Nb6 Bb7 29. Nc4 Bf6 30. Rd1 Kg7 31. Nd6 Bc6 32. Rc1 Bb5 33. Nxb5 axb5 34.
Rc5 Bxb2 35. Rxb5 Bc3 36. Kf1 h5 37. Ke2 Kf6 38. Kd3 Ke6 39. Kc4 f5 40. Rb6+ Kf7
41. Rxb4 Bxb4 42. Kxb4 g5 43. Kc5 h4 44. Kd6 Kf6 45. b4 g4 46. b5 f4 47. f3 1-0

[Event "24th Abu Dhabi Masters"]
[Site "Abu Dhabi UAE"]
[Date "2017.08.17"]
[Round "4.56"]
[White "Hoegener, Claude"]
[Black "Kulkarni, Vinayak"]
[Result "0-1"]
[WhiteElo "2139"]
[BlackElo "2204"]
[WhiteFideId "4000978"]
[BlackFideId "5021332"]
[EventDate "2017.08.14"]

1. d4 d5 2. c4 c6 3. Nc3 Nf6 4. Nf3 a6 5. cxd5 cxd5 6. e3 e6 7. Bd3 Bd6 8. O-O
O-O 9. Ne5 b5 10. f4 Bb7 11. a3 Ne4 12. Nxe4 dxe4 13. Bc2 Nd7 14. Bd2 f6 15.
Nxd7 Qxd7 16. Bb3 Kh8 17. Ba5 Rac8 18. Qg4 f5 19. Qe2 Bd5 20. Bxd5 exd5 21. Rfc1
Rc4 22. b3 Rc6 23. Qb2 Rfc8 24. Bd2 h6 25. Rxc6 Rxc6 26. Rc1 Qc7 27. Rxc6 Qxc6
28. Qc1 Qxc1+ 29. Bxc1 g5 30. g3 Kg7 31. Kg2 Kg6 32. Bb2 Be7 33. Bc1 Kh5 34. h3
Kg6 35. b4 h5 36. Bd2 h4 37. Be1 hxg3 38. Bxg3 Bd8 39. Bf2 Kh5 40. Bg3 a5 0-1

[Event "24th Abu Dhabi Masters"]
[Site "Abu Dhabi UAE"]
[Date "2017.08.17"]
[Round "4.57"]
[White "Pratyusha, Bodda"]
[Black "Chitlange, Sakshi"]
[Result "1/2-1/2"]
[WhiteTitle "WIM"]
[BlackTitle "WIM"]
[WhiteElo "2171"]
[BlackElo "2073"]
[WhiteFideId "5000629"]
[BlackFideId "35002899"]
[EventDate "2017.08.14"]

1. d4 Nf6 2. c4 e6 3. Nc3 Bb4 4. Qc2 Nc6 5. Nf3 d6 6. Bd2 Qe7 7. a3 Bxc3 8. Bxc3
e5 9. dxe5 dxe5 10. e3 a5 11. b3 O-O 12. Be2 Bg4 13. O-O h6 14. h3 Bd7 15. Nd2
Nh7 16. Rfe1 f5 17. Qb2 b6 18. b4 e4 19. b5 Nd8 20. c5 bxc5 21. Nc4 a4 22. Ne5
Be8 23. Bc4+ Kh8 24. Rad1 Nf6 25. b6 Rb8 26. bxc7 Qxc7 27. Ba5 Qa7 28. Qd2 Nb7
29. Bc7 Rc8 30. Bd6 Nxd6 31. Qxd6 Bh5 32. Be6 Rcd8 33. Qxd8 Rxd8 34. Rxd8+ Kh7
35. Nc6 Qc7 36. Rc8 Qd6 37. Nd8 Bg6 38. Rc1 Qd2 39. Rb1 f4 40. Rbb8 fxe3 41.
fxe3 Qxe3+ 42. Kh1 Qc1+ 43. Kh2 Qf4+ 44. Kh1 e3 45. Nf7 Bxf7 46. Bxf7 Qf1+ 47.
Kh2 Ng4+ 48. hxg4 Qxf7 49. Rh8+ Kg6 50. Rhe8 Qf4+ 51. Kh1 Kg5 52. Rb7 Qf1+ 53.
Kh2 Qf4+ 54. Kh1 Qd4 55. Rbe7 c4 56. Rxe3 c3 57. R3e5+ Kg6 58. R5e6+ Kh7 59. Rc6
c2 60. Rec8 Qa1+ 61. Kh2 Qxa3 62. Rxc2 Qd6+ 63. Kh3 a3 64. R8c3 Qb4 65. Rf3 Qb1
66. Rff2 Qb3+ 67. Kh2 Qe3 68. Rce2 Qd4 69. Ra2 Kg6 70. Rf3 Qe5+ 71. Kh3 h5 72.
Raxa3 hxg4+ 73. Kxg4 Qh5+ 74. Kg3 Qe5+ 75. Kf2 Qd4+ 76. Rae3 Qd2+ 77. Kg1 Qd1+
78. Kh2 Qd6+ 79. Rg3+ Kh7 80. Re4 Kg8 81. Rh4 Qe5 82. Rh3 Qf4 83. Rh5 Qd6 84.
Rg5 Qh6+ 85. Kg1 Qb6+ 86. Kf1 Qa6+ 87. Kf2 Qf6+ 88. Ke3 Qe6+ 89. Kf4 Qf6+ 90.
Kg4 Qe6+ 91. Kf4 Qf6+ 92. Ke4 1/2-1/2

[Event "24th Abu Dhabi Masters"]
[Site "Abu Dhabi UAE"]
[Date "2017.08.17"]
[Round "4.58"]
[White "Priyanka, K"]
[Black "Fadeev, Semen"]
[Result "1/2-1/2"]
[WhiteElo "2106"]
[BlackElo "2161"]
[WhiteFideId "5082986"]
[BlackFideId "4177738"]
[EventDate "2017.08.14"]

1. e4 e6 2. d4 d5 3. Nc3 Nf6 4. Bg5 dxe4 5. Nxe4 Be7 6. Bxf6 Bxf6 7. Nf3 Nd7 8.
Qd2 O-O 9. O-O-O Be7 10. Bd3 b6 11. Kb1 Bb7 12. Qe2 c6 13. Ne5 Qc7 14. f4 Rad8
15. Qh5 g6 16. Qh6 c5 17. Ng3 Bf6 18. Nh5 Bh8 19. Bxg6 fxg6 20. Nxg6 Rf7 21. Ne5
Nxe5 22. dxe5 Rxd1+ 23. Rxd1 Qe7 24. g4 Be4 25. g5 Bg6 26. Nf6+ Bxf6 27. gxf6
Qe8 28. h4 Rd7 29. Rg1 Qd8 30. Kc1 Qf8 31. Qg5 Kh8 32. h5 Bf5 33. Qg3 c4 34. Qc3
b5 35. a3 Qd8 36. Qg3 a5 37. Qg2 b4 38. a4 c3 39. b3 Qf8 40. Qg3 Rd2 41. Rg2
Rxg2 42. Qxg2 Qg8 43. Qh1 Be4 44. Qd1 Bd5 45. Qd4 Qg3 46. Qd1 Qe3+ 47. Kb1 1/2-1/2

[Event "24th Abu Dhabi Masters"]
[Site "Abu Dhabi UAE"]
[Date "2017.08.17"]
[Round "4.59"]
[White "Zayed, Ali Al-hamed"]
[Black "Mrudul, Dehankar"]
[Result "0-1"]
[BlackTitle "WCM"]
[WhiteElo "1996"]
[BlackElo "2155"]
[WhiteFideId "9303340"]
[BlackFideId "25096990"]
[EventDate "2017.08.14"]

1. e4 d5 2. exd5 Nf6 3. d4 Bg4 4. f3 Bf5 5. Bb5+ Nbd7 6. c4 e6 7. dxe6 Bxe6 8.
d5 Bf5 9. Nc3 Bc5 10. Qe2+ Be7 11. Bg5 O-O 12. g4 Bg6 13. O-O-O Re8 14. Qd2 a6
15. Bxd7 Qxd7 16. h4 h6 17. Be3 b5 18. g5 Nh5 19. c5 b4 20. Ne4 Qb5 21. Qd4 f5
22. gxf6 Nxf6 23. Rh2 Nxe4 24. fxe4 Bf6 25. Qd3 Qxd3 26. Rxd3 Rxe4 27. Kd1 Rae8
28. Rg2 Rxe3 29. Rxe3 Rxe3 30. Rxg6 Rd3+ 31. Ke2 Rxd5 32. Rg4 a5 33. Rc4 Rd4 34.
Rc2 Rxh4 35. Nf3 Re4+ 36. Kd3 Rf4 37. Ke3 g5 38. Rd2 Rc4 39. Rd5 g4 40. Nd2 Bg5+
41. Kd3 Rc1 42. Ke2 Rc2 0-1

[Event "24th Abu Dhabi Masters"]
[Site "Abu Dhabi UAE"]
[Date "2017.08.17"]
[Round "4.60"]
[White "Michelle Catherina, P"]
[Black "Varshini, V"]
[Result "1-0"]
[WhiteTitle "WIM"]
[BlackTitle "WFM"]
[WhiteElo "2101"]
[BlackElo "2140"]
[WhiteFideId "5005736"]
[BlackFideId "5091241"]
[EventDate "2017.08.14"]

1. e4 c5 2. Nf3 Nc6 3. Bb5 e6 4. O-O Nge7 5. d4 cxd4 6. Nxd4 Ng6 7. Be3 Be7 8.
Be2 O-O 9. c4 Nxd4 10. Qxd4 b6 11. Nc3 Bb7 12. Qd2 Bb4 13. f3 Qe7 14. Rfe1 Rac8
15. a3 Bc5 16. Bxc5 Qxc5+ 17. Kh1 Ne5 18. Nb5 Qf2 19. b3 Rc5 20. Rf1 Qh4 21. Nd6
Ba8 22. b4 Rc7 23. a4 Nc6 24. a5 bxa5 25. b5 Ne7 26. Qxa5 Rc5 27. Qxa7 Rh5 28.
Qg1 Qf4 29. Rfd1 f5 30. b6 Bc6 31. b7 fxe4 32. fxe4 Rg5 33. Rf1 Qxd6 34. Rxf8+
Kxf8 35. Ra8+ 1-0

[Event "24th Abu Dhabi Masters"]
[Site "Abu Dhabi UAE"]
[Date "2017.08.17"]
[Round "4.61"]
[White "Armstrong, Malcolm J"]
[Black "Arshavskij, Viktor"]
[Result "1/2-1/2"]
[WhiteElo "2109"]
[BlackElo "2141"]
[WhiteFideId "409049"]
[BlackFideId "4125045"]
[EventDate "2017.08.14"]

1. d4 Nf6 2. Nf3 d6 3. g3 g6 4. Bg2 Bg7 5. O-O c5 6. c4 b5 7. d5 a6 8. cxb5 Nbd7
9. Nc3 Qa5 10. Re1 Bb7 11. a4 Ng4 12. e4 O-O 13. Ra3 Nge5 14. Nd2 c4 15. Qe2 Qb4
16. Na2 Qc5 17. b4 Qc7 18. bxa6 Rxa6 19. b5 Ra5 20. Nb1 Rfa8 21. Qc2 Nc5 22.
Nbc3 Bc8 23. Nb4 Ncd3 24. Nxd3 cxd3 25. Qa2 Bg4 26. Nb1 Nc4 27. Rxd3 Rxa4 28.
Qb3 Qc5 29. Nd2 Bd4 30. Rxd4 Qxd4 31. Nxc4 Qxc4 32. Qxc4 Rxc4 33. Be3 Bc8 34. b6
Bb7 35. Rd1 1/2-1/2

[Event "24th Abu Dhabi Masters"]
[Site "Abu Dhabi UAE"]
[Date "2017.08.19"]
[Round "5.1"]
[White "Indjic, Aleksandar"]
[Black "Amin, Bassem"]
[Result "0-1"]
[WhiteTitle "GM"]
[BlackTitle "GM"]
[WhiteElo "2581"]
[BlackElo "2680"]
[WhiteFideId "911925"]
[BlackFideId "10601457"]
[EventDate "2017.08.14"]

1. d4 Nf6 2. c4 g6 3. Nc3 Bg7 4. Nf3 d6 5. Bg5 O-O 6. e3 c5 7. d5 h6 8. Bh4 g5
9. Bg3 Nh5 10. Bd3 f5 11. Nd2 Nxg3 12. hxg3 Nd7 13. f4 Nf6 14. Qe2 gxf4 15. gxf4
Ng4 16. e4 fxe4 17. Qxe4 Bf5 18. Qf3 Bxd3 19. Qxg4 Bf5 20. Qf3 Qd7 21. Rh4 e5
22. O-O-O exf4 23. Rxf4 Be5 24. Rh4 Qg7 25. Rdh1 Bg6 26. Qe3 Rae8 27. Nde4 Re7
28. Rg4 Bxc3 29. bxc3 h5 30. Rxh5 Rxe4 31. Rxe4 Bxe4 32. Rg5 Bg6 33. Qe6+ Kh7
34. Rg3 Qh6+ 0-1

[Event "24th Abu Dhabi Masters"]
[Site "Abu Dhabi UAE"]
[Date "2017.08.19"]
[Round "5.2"]
[White "Paichadze, Luka"]
[Black "Andersen, Mads"]
[Result "1-0"]
[WhiteTitle "GM"]
[BlackTitle "GM"]
[WhiteElo "2581"]
[BlackElo "2586"]
[WhiteFideId "13602934"]
[BlackFideId "1413864"]
[EventDate "2017.08.14"]

1. e4 c5 2. Nf3 d6 3. d4 cxd4 4. Qxd4 Nc6 5. Bb5 a6 6. Bxc6+ bxc6 7. O-O e5 8.
Qd3 Be7 9. Nbd2 Nf6 10. Nc4 O-O 11. Bg5 d5 12. Ncxe5 dxe4 13. Qxd8 Bxd8 14. Nd2
Ng4 15. Nxg4 Bxg5 16. Nxe4 Bf4 17. Ne3 Rb8 18. b3 Rb5 19. Rfe1 Be6 20. Rad1 Bc7
21. Rd3 Re5 22. Nd2 Rc5 23. Nf3 a5 24. c4 f6 25. Nd4 Bf7 26. Nef5 Rd8 27. Red1
Re5 28. g4 Be8 29. h3 h5 30. Kf1 hxg4 31. hxg4 g6 32. Ne3 Rb8 33. Nf3 Re7 34.
Nc2 Kf7 35. Re1 Bd7 36. Rxe7+ Kxe7 37. g5 fxg5 38. Nxg5 Bf4 39. Nf3 Bf5 40. Rd4
Bd6 41. Rd2 Bf4 42. Ne3 Bh3+ 43. Ke2 a4 44. Nd4 Bd7 45. bxa4 Ra8 46. Nb3 Be6 47.
Rd4 Bxe3 48. Kxe3 Rxa4 49. Re4 Ra3 50. Kd4 Rxa2 51. Nc5 Rd2+ 52. Kc3 Rd6 53. Kb4
g5 54. Ka5 g4 55. Kb6 Kf6 56. Rxe6+ Rxe6 57. Nxe6 Kxe6 58. Kxc6 Ke5 59. c5 Ke4
60. Kd6 Kf3 61. c6 Kxf2 62. c7 g3 63. c8=Q g2 64. Qc5+ 1-0

[Event "24th Abu Dhabi Masters"]
[Site "Abu Dhabi UAE"]
[Date "2017.08.19"]
[Round "5.3"]
[White "Deac, Bogdan-Daniel"]
[Black "Pantsulaia, Levan"]
[Result "1/2-1/2"]
[WhiteTitle "GM"]
[BlackTitle "GM"]
[WhiteElo "2573"]
[BlackElo "2585"]
[WhiteFideId "1226380"]
[BlackFideId "13602071"]
[EventDate "2017.08.14"]

1. d4 Nf6 2. Nf3 e6 3. c4 c5 4. d5 exd5 5. cxd5 g6 6. Nc3 d6 7. e4 a6 8. h3 b5
9. Bd3 Bg7 10. O-O O-O 11. Re1 Nbd7 12. Bf4 Qb6 13. Be3 Bb7 14. Rc1 Rfe8 15. b4
Qd8 16. a3 Rc8 17. Qd2 Nh5 18. Ne2 Qf6 19. Rb1 Qe7 20. a4 bxa4 21. bxc5 Nxc5 22.
Bxc5 Rxc5 23. Qb4 Bc8 24. Qxa4 a5 25. Bb5 Rf8 26. Ned4 Nf4 27. Bf1 Bd7 28. Qa3
Bc8 29. Rb5 Qc7 30. e5 Rxd5 31. Rc1 Qd7 32. Rxd5 Nxd5 33. Bb5 Qd8 34. Qxd6 Qxd6
35. exd6 Rd8 36. Rc5 Bb7 37. Bc6 Bxc6 38. Nxc6 Rxd6 39. Rxd5 Rxc6 40. Rxa5 Bf6 1/2-1/2

[Event "24th Abu Dhabi Masters"]
[Site "Abu Dhabi UAE"]
[Date "2017.08.19"]
[Round "5.4"]
[White "Short, Nigel D"]
[Black "Rozum, Ivan"]
[Result "1-0"]
[WhiteTitle "GM"]
[BlackTitle "GM"]
[WhiteElo "2688"]
[BlackElo "2579"]
[WhiteFideId "400025"]
[BlackFideId "24104272"]
[EventDate "2017.08.14"]

1. d4 Nf6 2. c4 e6 3. Nc3 Bb4 4. e3 O-O 5. Bd3 d5 6. cxd5 exd5 7. Ne2 Re8 8. Bd2
Bd6 9. Rc1 a6 10. h3 Nbd7 11. a3 b6 12. O-O c5 13. Ng3 Bb7 14. Bb1 Rc8 15. Qf3
g6 16. Rfd1 Qe7 17. Be1 c4 18. Na2 b5 19. Ba5 h5 20. Nb4 Ne4 21. Bxe4 dxe4 22.
Qe2 Nf6 23. Na2 Nd5 24. Nc3 Nxc3 25. Bxc3 Bd5 26. Qe1 Bb8 27. Bb4 Qd7 28. Ne2 g5
29. Nc3 Kg7 30. Kf1 Rc6 31. Qe2 Kg6 32. Ke1 Rf6 33. Kd2 Rc8 34. Kc2 Ba7 35. Kb1
Bb6 36. Qc2 Re8 37. f3 Qc6 38. h4 Rf5 39. g4 hxg4 40. fxg4 Rf3 41. hxg5 Bd8 42.
Rh1 Bxg5 43. Rh5 Qe6 44. Rxg5+ Kxg5 45. Qh2 Rg8 46. Nxd5 1-0

[Event "24th Abu Dhabi Masters"]
[Site "Abu Dhabi UAE"]
[Date "2017.08.19"]
[Round "5.5"]
[White "Ter-Sahakyan, Samvel"]
[Black "Korobov, Anton"]
[Result "1-0"]
[WhiteTitle "GM"]
[BlackTitle "GM"]
[WhiteElo "2577"]
[BlackElo "2668"]
[WhiteFideId "13302531"]
[BlackFideId "14105730"]
[EventDate "2017.08.14"]

1. e4 c5 2. Nf3 e6 3. d4 cxd4 4. Nxd4 a6 5. c4 Qc7 6. Nc3 Nf6 7. Be2 b6 8. O-O
Bb7 9. f3 Nc6 10. Be3 Nxd4 11. Qxd4 Bc5 12. Qd3 O-O 13. Rfd1 Bc6 14. Rac1 Rfd8
15. Bxc5 bxc5 16. Qe3 Qb6 17. Rc2 e5 18. f4 exf4 19. Qxf4 Re8 20. e5 Qb8 21. Rd6
Re6 22. Rcd2 Rxd6 23. Rxd6 Ne8 24. Rd2 Nc7 25. Bh5 Qf8 26. Rf2 g6 27. Bf3 Ne6
28. Qe3 Qe7 29. Bd5 Kg7 30. Ne4 Rf8 31. Nf6 h6 32. h3 a5 33. b3 Nd4 34. Qf4 Bxd5
35. cxd5 d6 36. exd6 Qe1+ 37. Kh2 Ne2 38. Ne8+ Kg8 39. Nf6+ Kg7 40. Rxe2 Qxe2
41. Ng4 Qb2 42. Qxh6+ Kg8 43. Qg5 Qh8 44. d7 Kg7 45. Qe5+ Kh7 1-0

[Event "24th Abu Dhabi Masters"]
[Site "Abu Dhabi UAE"]
[Date "2017.08.19"]
[Round "5.6"]
[White "Idani, Pouya"]
[Black "Lupulescu, Constantin"]
[Result "1/2-1/2"]
[WhiteTitle "GM"]
[BlackTitle "GM"]
[WhiteElo "2569"]
[BlackElo "2637"]
[WhiteFideId "12510130"]
[BlackFideId "1207822"]
[EventDate "2017.08.14"]

1. e4 c6 2. d4 d5 3. e5 Bf5 4. Nc3 e6 5. g4 Bg6 6. Nge2 c5 7. h4 h5 8. Nf4 Bh7
9. g5 Bf5 10. Nxh5 cxd4 11. Nb5 d3 12. c3 Nc6 13. Ng3 Be4 14. Nxe4 dxe4 15. Qa4
Qd7 16. Qxe4 O-O-O 17. Bf4 d2+ 18. Kd1 Kb8 19. Rh3 a6 20. Nd6 Bxd6 21. exd6 f5
22. Qe2 e5 23. Bxe5 Nxe5 24. Qxe5 Re8 25. Qd4 Re1+ 26. Kxd2 Rxa1 27. Bc4 Ne7 28.
dxe7 Qxe7 29. Re3 Qc7 30. Bd5 Rd8 31. Kc2 Rxa2 32. Qc4 Qxc4 33. Bxc4 Ra1 34. h5
Rh1 35. h6 gxh6 36. g6 f4 37. Re7 Rg1 38. g7 Ka7 1/2-1/2

[Event "24th Abu Dhabi Masters"]
[Site "Abu Dhabi UAE"]
[Date "2017.08.19"]
[Round "5.7"]
[White "Gabuzyan, Hovhannes"]
[Black "Efimenko, Zahar"]
[Result "1/2-1/2"]
[WhiteTitle "GM"]
[BlackTitle "GM"]
[WhiteElo "2566"]
[BlackElo "2636"]
[WhiteFideId "13303732"]
[BlackFideId "14107201"]
[EventDate "2017.08.14"]

1. Nf3 Nf6 2. g3 g6 3. Bg2 Bg7 4. c4 c6 5. O-O O-O 6. d4 d6 7. Nc3 Bf5 8. Re1
Ne4 9. Qb3 Nxc3 10. bxc3 Bc8 11. e4 Nd7 12. Ba3 c5 13. e5 dxe5 14. dxe5 e6 15.
Bc1 Qc7 16. Bf4 b6 17. Rad1 Bb7 18. Qc2 Rad8 19. Qe2 Nb8 20. h4 Rxd1 21. Rxd1
Rd8 22. Re1 h6 23. Qe3 Kh7 24. h5 Nc6 25. Bg5 Rd7 26. Bf6 Ne7 27. hxg6+ fxg6 28.
g4 Qd8 29. Nh4 Rd3 30. Qe2 Rd2 31. Qe3 Rd3 32. Qe2 Rd2 33. Qf1 Qd7 34. Bxb7 Qxb7
35. Qh3 Qd7 36. Qf3 Ng8 37. Qe4 Qd3 38. Qb7 Qd7 39. Qe4 Qd3 40. Qb7 1/2-1/2

[Event "24th Abu Dhabi Masters"]
[Site "Abu Dhabi UAE"]
[Date "2017.08.19"]
[Round "5.8"]
[White "Mekhitarian, Krikor Sevag"]
[Black "Salem, A.R. Saleh"]
[Result "0-1"]
[WhiteTitle "GM"]
[BlackTitle "GM"]
[WhiteElo "2534"]
[BlackElo "2624"]
[WhiteFideId "2107660"]
[BlackFideId "9301348"]
[EventDate "2017.08.14"]

1. Nf3 Nf6 2. g3 g6 3. b3 d6 4. d4 c5 5. Bg2 cxd4 6. Nxd4 d5 7. c4 dxc4 8. bxc4
Bg7 9. Bb2 O-O 10. O-O Nfd7 11. Qc2 a6 12. Nb3 Qc7 13. Bxg7 Kxg7 14. c5 Nf6 15.
Nc3 Nc6 16. Nd5 Nxd5 17. Bxd5 Qe5 18. Bxc6 bxc6 19. Na5 Bh3 20. Rfd1 Rac8 21.
Rac1 Rfd8 22. Rd2 f6 23. Rcd1 Rxd2 24. Rxd2 h5 25. Nb3 Rb8 26. Qd3 Rd8 27. Qe3
Rxd2 28. Qxd2 Kf7 29. Qc2 Be6 30. Qd3 Qb2 31. Nd4 Qa1+ 32. Kg2 Bh3+ 33. Kf3 Qh1+
34. Ke3 Qc1+ 35. Ke4 Qxc5 36. Qb3+ Kf8 37. Ne6+ Bxe6 38. Qxe6 Qxf2 39. Qc8+ Kg7
40. Qxa6 Qxh2 41. Kf3 g5 42. Qb6 g4+ 43. Kf4 Qxe2 44. Qe3 e5+ 45. Ke4 f5+ 0-1

[Event "24th Abu Dhabi Masters"]
[Site "Abu Dhabi UAE"]
[Date "2017.08.19"]
[Round "5.9"]
[White "Adly, Ahmed"]
[Black "Batchuluun, Tsegmed"]
[Result "1-0"]
[WhiteTitle "GM"]
[BlackTitle "GM"]
[WhiteElo "2619"]
[BlackElo "2555"]
[WhiteFideId "10601619"]
[BlackFideId "4900847"]
[EventDate "2017.08.14"]

1. Nf3 d5 2. d4 Nf6 3. c4 e6 4. Nc3 c5 5. cxd5 Nxd5 6. e4 Nxc3 7. bxc3 cxd4 8.
cxd4 Bb4+ 9. Bd2 Bxd2+ 10. Qxd2 O-O 11. Bd3 Nc6 12. e5 Qa5 13. Rc1 Qxd2+ 14.
Kxd2 Rd8 15. Be4 Nxd4 16. Nxd4 Rxd4+ 17. Ke3 Rd8 18. Rc7 Rb8 19. Rb1 Kf8 20. Bc6
Ra8 21. Bxb7 Rb8 22. Be4 Rxb1 23. Bxb1 a5 24. Ra7 Bd7 25. Rxa5 Bc6 26. g3 Rd1
27. Bd3 h6 28. Ra7 g5 29. a4 Re1+ 30. Kd4 Rh1 31. a5 Rxh2 32. Rc7 Bd5 33. Ke3
Rh1 34. a6 h5 35. a7 Ra1 36. Bc4 Ra3+ 37. Kd4 Bg2 38. Bf1 Bd5 39. f4 gxf4 40.
gxf4 Ra4+ 41. Kc5 Ra1 42. Bc4 Bxc4 43. Kxc4 Kg7 44. f5 exf5 45. e6 Rc1+ 46. Kd4
Rxc7 47. a8=Q fxe6 48. Ke5 Rf7 49. Kxe6 Rf6+ 50. Ke5 f4 51. Qg2+ Rg6 52. Qb7+
Kh6 53. Qf7 Rg4 54. Kf6 f3 55. Qf8+ Kh7 56. Qe7+ Kh6 57. Qe3+ Kh7 58. Qxf3 Rg6+
59. Kf5 Rg4 60. Qb7+ Rg7 61. Qe4 Rg4 62. Qe8 Rg1 63. Qxh5+ Kg8 64. Qe8+ Kh7 65.
Qe7+ Kg8 66. Qe3 Rg7 67. Qe8+ Kh7 68. Kf6 Rg1 69. Qd7+ Kh8 70. Qc8+ 1-0

[Event "24th Abu Dhabi Masters"]
[Site "Abu Dhabi UAE"]
[Date "2017.08.19"]
[Round "5.10"]
[White "Iniyan, P"]
[Black "Sethuraman, S.P."]
[Result "0-1"]
[WhiteTitle "IM"]
[BlackTitle "GM"]
[WhiteElo "2404"]
[BlackElo "2618"]
[WhiteFideId "25002767"]
[BlackFideId "5021596"]
[EventDate "2017.08.14"]

1. d4 e6 2. c4 b6 3. Nc3 Bb4 4. Qc2 Bb7 5. a3 Bxc3+ 6. Qxc3 d6 7. e3 f5 8. f3
Qh4+ 9. g3 Qh5 10. Bg2 Nf6 11. Ne2 Nbd7 12. Qc2 O-O 13. O-O c5 14. b4 Rac8 15.
dxc5 dxc5 16. Bb2 e5 17. b5 Rfe8 18. Rad1 Re7 19. Nc3 Qf7 20. Qa4 f4 21. e4 fxg3
22. hxg3 Ra8 23. Bc1 Qg6 24. Kh2 Nf8 25. Bh3 Nh5 26. Ne2 Ne6 27. Bf5 Qf7 28. Qc2
Nf6 29. a4 Rf8 30. Kg2 Nd4 31. Nxd4 exd4 32. Bg5 h6 33. Bxf6 Qxf6 34. Qd2 h5 35.
Rf2 g6 36. Bh3 Qf7 37. Rc1 Kg7 38. Kg1 Qf6 39. Rcf1 Qe5 40. Rg2 Ref7 41. Qe2
Bxe4 42. f4 Qe8 43. Rgf2 Re7 44. Re1 Rff7 45. Qd2 Bf5 46. Rxe7 Rxe7 47. Bf1 Re3
48. Kh2 h4 49. gxh4 Qh8 0-1

[Event "24th Abu Dhabi Masters"]
[Site "Abu Dhabi UAE"]
[Date "2017.08.19"]
[Round "5.11"]
[White "Maghsoodloo, Parham"]
[Black "Gagare, Shardul"]
[Result "0-1"]
[WhiteTitle "GM"]
[BlackTitle "GM"]
[WhiteElo "2590"]
[BlackElo "2467"]
[WhiteFideId "12539929"]
[BlackFideId "5037883"]
[EventDate "2017.08.14"]

1. Nf3 d5 2. e3 Nf6 3. b3 e6 4. Bb2 Bd6 5. c4 c6 6. Nc3 O-O 7. d4 Nbd7 8. Be2 b6
9. O-O Bb7 10. Qc2 Qe7 11. Rac1 Rac8 12. Qb1 Rfe8 13. Rfe1 a6 14. g3 c5 15. cxd5
exd5 16. dxc5 bxc5 17. Bf1 Nf8 18. Bg2 Ng6 19. Nd2 h5 20. Ne2 Ng4 21. Nf4 Nxf4
22. exf4 Qd7 23. h3 Nh6 24. Nf3 Qf5 25. Qa1 Bf8 26. Rcd1 Rcd8 27. Qc1 d4 28.
Rxe8 Rxe8 29. Nxd4 cxd4 30. Bxb7 Qxh3 31. Bg2 Qg4 32. Rxd4 Nf5 33. Rd3 h4 34.
Bf3 Qg6 35. g4 Nh6 36. Rd5 f5 37. g5 Ng4 38. Bxg4 fxg4 39. f5 Qh5 40. Re5 Rd8
41. Re4 Kh7 42. g6+ Kh8 43. Qf4 Kg8 44. Be5 g3 45. Qxh4 gxf2+ 46. Kxf2 Qxf5+ 47.
Ke2 Qxg6 48. Bd4 0-1

[Event "24th Abu Dhabi Masters"]
[Site "Abu Dhabi UAE"]
[Date "2017.08.19"]
[Round "5.13"]
[White "Karthikeyan, Murali"]
[Black "Vignesh, N R"]
[Result "0-1"]
[WhiteTitle "GM"]
[BlackTitle "IM"]
[WhiteElo "2579"]
[BlackElo "2448"]
[WhiteFideId "5074452"]
[BlackFideId "25012215"]
[EventDate "2017.08.14"]

1. Nf3 Nf6 2. g3 d5 3. Bg2 c6 4. O-O Bf5 5. d3 h6 6. c4 dxc4 7. Ne5 Nbd7 8. Nxc4
Nb6 9. Nba3 e6 10. Rb1 Bxa3 11. Nxa3 e5 12. Qc2 O-O 13. b4 Qd7 14. b5 cxb5 15.
Nxb5 Rfc8 16. Qb3 e4 17. dxe4 Nxe4 18. Nxa7 Rxa7 19. Qxb6 Rxa2 20. Rb2 Rc2 21.
Rxa2 Rxa2 22. Qe3 Nf6 23. Bf3 b5 24. Qb3 Be6 25. Qb1 Bc4 26. Bb2 Ra6 27. Bc3 Qe6
28. Rd1 Rd6 29. Rxd6 Qxd6 30. Qb2 Qe6 31. Kg2 Ne8 32. h4 Qf5 33. Qd2 Nf6 34.
Qd8+ Kh7 35. Qf8 Bd5 36. Bxd5 Qxd5+ 37. f3 Qc4 38. Bxf6 Qxe2+ 39. Kg1 Qd1+ 40.
Kf2 Qd2+ 41. Kf1 Qd1+ 42. Kf2 Qc2+ 43. Kg1 Qb1+ 44. Kg2 Qa2+ 45. Kg1 gxf6 46.
Qc5 Qb1+ 47. Kf2 Qd3 48. g4 Kg7 49. Kg3 Qc4 50. Qe7 Qd4 51. Kh3 Qf4 52. Qb7 b4
53. Kg2 Qc4 54. Kg3 b3 55. Qb6 Qc3 56. g5 hxg5 57. hxg5 b2 58. Kg4 fxg5 59. Qb5
Qd4+ 60. Kh3 g4+ 61. Kg2 gxf3+ 62. Kxf3 Qd1+ 63. Kf4 b1=Q 0-1

[Event "24th Abu Dhabi Masters"]
[Site "Abu Dhabi UAE"]
[Date "2017.08.19"]
[Round "5.14"]
[White "Puranik, Abhimanyu"]
[Black "Sviridov, Valery"]
[Result "1/2-1/2"]
[WhiteTitle "IM"]
[WhiteElo "2495"]
[BlackElo "2519"]
[WhiteFideId "5061245"]
[BlackFideId "4120680"]
[EventDate "2017.08.14"]

1. Nf3 Nf6 2. g3 d5 3. Bg2 g6 4. b3 Bg7 5. Bb2 O-O 6. c4 c5 7. cxd5 Qxd5 8. Nc3
Qd6 9. O-O Nc6 10. Rc1 b6 11. d4 Rd8 12. e4 Qb8 13. Re1 Nxd4 14. Nxd4 cxd4 15.
Nd5 Nxd5 16. exd5 e5 17. dxe6 Bxe6 18. Bxa8 Qxa8 19. f3 Qd5 20. Kg2 h5 21. Qd2
Qf5 22. Rcd1 h4 23. Qf4 Qxf4 1/2-1/2

[Event "24th Abu Dhabi Masters"]
[Site "Abu Dhabi UAE"]
[Date "2017.08.19"]
[Round "5.15"]
[White "Nguyen, Anh Khoi"]
[Black "Mamedov, Rauf"]
[Result "1/2-1/2"]
[WhiteTitle "IM"]
[BlackTitle "GM"]
[WhiteElo "2444"]
[BlackElo "2680"]
[WhiteFideId "12404675"]
[BlackFideId "13401653"]
[EventDate "2017.08.14"]

1. d4 Nf6 2. c4 g6 3. Nc3 Bg7 4. e4 d6 5. f3 O-O 6. Nge2 c5 7. d5 e6 8. Ng3 exd5
9. cxd5 a6 10. a4 Nbd7 11. Be2 h5 12. Bg5 Qb6 13. Qd2 Nh7 14. a5 Qc7 15. Bh6 Re8
16. Bxg7 Kxg7 17. O-O Rb8 18. Rfb1 h4 19. Nf1 h3 20. g3 f5 21. exf5 gxf5 22. Ne3
Ne5 23. f4 Ng4 24. Bxg4 fxg4 25. f5 Qe7 26. Nxg4 Bxf5 27. Re1 Qg5 28. Ne3 Bd7
29. Nc4 Qxd2 30. Nxd2 Ng5 31. Nce4 Rxe4 32. Nxe4 Nf3+ 33. Kf2 Nxe1 34. Rxe1 Rf8+
35. Kg1 Re8 36. Kf2 Rf8+ 37. Kg1 Re8 38. Kf2 1/2-1/2